Países do Império Japonês - Statistics

Estatísticas Gerais
  • Esse quiz foi jogado 3 382 vezes
  • A pontuação média é 21 de 27
Estatísticas das Respostas
% Ocupado País % Correto
30 China
99%
100 Coreia do Sul
97%
100 Coreia do Norte
96%
100 Indonésia
93%
< 1 Rússia
90%
100 Vietnã
88%
< 1 Índia (Ilhas Andamão)
85%
(livre passagem de tropas) Tailândia
85%
100 Filipinas
84%
100 Laos
84%
100 Malásia
84%
< 1 Austrália (Ilha do Natal)
83%
100 Camboja
83%
100 Taiwan
81%
100 Singapura
78%
100 Birmânia
75%
< 1 Estados Unidos (algumas ilhas do Pacífico)
74%
90 Papua Nova Guiné
74%
100 Brunei
70%
100 Japão
70%
100 Timor-Leste
68%
100 Palau
67%
100 Micronésia
66%
100 Ilhas Marshall
65%
20? Ilhas Salomão
65%
100 Nauru
62%
20? Kiribati
59%
Nenhum quiz correspondente encontrado
Distribuição das Pontuações
Porcentagem de Pessoas com Cada Pontuação
Percentil de Números Respondidos
Sua Pontuação Histórica
Você não jogou esse quiz